| 000 | 01281nam a22003137i 4500 | ||
|---|---|---|---|
| 003 | EG-ScBUE | ||
| 005 | 20240501115220.0 | ||
| 008 | 220731s2023 ua f b 000 0 ara d | ||
| 017 | _a2023 / 15764 | ||
| 020 | _a9789779467276 | ||
| 040 |
_aEG-ScBUE _bara _erda _cEG-ScBUE _dEG-ScBUE |
||
| 043 | _af-ua--- | ||
| 082 | 0 | 4 |
_222 _a340.071162 _bق ا ض |
| 100 | 1 |
_aقاضي، خالد محمد، _d1967- _eمؤلف. |
|
| 245 | 1 | 0 |
_aكليات الحقوق ودورها في منظومة العدالة في مصر / _cالمستشار الدكتور خالد محمد القاضي، رئيس محكمة الاستئناف. |
| 250 | _aالطبعة الأولى. | ||
| 264 | 1 |
_aالقاهرة : _bالهيئة المصرية العامة للكتاب، _c2023. |
|
| 300 |
_a399 صفحة ؛ _c24 سم. |
||
| 336 |
_2rdacontent _aنص _btxt |
||
| 337 |
_2rdamedia _aبدون وسيط _bn |
||
| 338 |
_2rdacarrier _aمجلد _bnc |
||
| 490 | 0 | _aموسوعة الثقافة القانونية | |
| 504 | _aيشتمل على إرجاعات ببليوجرافية. | ||
| 541 |
_cDonation ; _aProf. Hassan Abdel Hamid. |
||
| 650 | 7 |
_aالجامعات والكليات _zمصر. _2BUEsh |
|
| 650 | 7 |
_aإقامة العدل _zمصر. _2BUEsh |
|
| 655 | _vReading book | ||
| 942 | _2ddc | ||
| 999 |
_c30732 _d30703 |
||